Top 100 popularité personnages One Piece - Statistiques

Statistiques générales
  • Ce quiz a été pris 5 991 fois
  • Le résultat moyen est 48 sur 100
Statistiques - réponses
Place Votes Personnage % Correct
1 1 637 921 Luffy
100%
3 1 085 141 Nami
99%
2 1 445 034 Zoro
99%
4 970 286 Sanji
98%
6 599 835 Robin
95%
16 116 354 Chopper
94%
9 355 503 Ace
92%
26 75 741 Brook
92%
12 171 610 Shanks
92%
28 66 398 Franky
91%
31 59 957 Barbe Blanche
89%
86 9 864 Big Mom
88%
65 13 847 Kaido
88%
15 131 090 Usopp
88%
18 102 354 Jinbei
87%
10 318 869 Sabo
87%
46 22 474 Barbe Noire
86%
5 646 686 Law
86%
20 96 402 Doflamingo
85%
17 109 837 Crocodile
83%
44 23 693 Garp
83%
53 18 362 Akainu
80%
23 86 454 Kid
80%
30 65 869 Mihawk
79%
36 38 127 Aokiji
78%
34 43 559 Baggy
78%
29 66 270 Roger
77%
62 14 410 Dragon
76%
7 392 951 Hancock
75%
14 152 070 Katakuri
74%
59 15 559 Kizaru
74%
19 98 431 Marco
72%
21 90 645 Vivi
72%
98 7 940 Kuma
69%
74 12 276 Moria
68%
33 44 852 Rayleigh
66%
24 82 773 Oden
60%
35 39 144 Ener
58%
43 24 726 Lucci
57%
27 66 962 Smoker
56%
92 8 757 Kinemon
55%
42 24 841 Koby
55%
22 88 082 Bonclay
54%
52 18 570 Fujitora
53%
55 17 924 Killer
51%
57 17 576 Ben Beckmann
50%
85 9 929 Jewelry Bonney
49%
11 259 738 Yamato
49%
8 388 565 Carrot
48%
79 11 043 Ivankov
48%
77 11 909 Kaku
48%
68 13 357 Rebecca
45%
82 10 590 Hawkins
44%
50 19 690 Shirahoshi
44%
91 8 888 Caesar Clown
42%
38 34 582 Tashigi
42%
70 13 086 Urouge
40%
40 31 694 Bartolomeo
38%
64 13 938 Bepo
38%
25 80 255 Perona
38%
99 7 910 Cracker
35%
94 8 577 Vista
35%
61 14 983 Pedro
34%
45 23 334 Pudding
34%
58 17 512 Koala
33%
41 28 744 Drake
32%
73 12 424 Cavendish
30%
93 8 750 Zeff
29%
95 8 380 Perospero
28%
39 33 481 Reiju
24%
32 49 992 Merry
22%
48 20 940 Izo
21%
54 18 159 Otama
21%
63 14 179 Sunny
21%
76 12 115 Monet
19%
67 13 500 Hiluluk
18%
75 12 127 Karoo
18%
51 19 467 Pell
17%
56 17 707 Ulti
16%
13 157 167 Rosinante
15%
84 9 944 Gin
14%
72 12 750 Señor Pink
14%
88 9 674 Wiper
13%
69 13 344 Pauly
12%
83 10 488 Denjiro
11%
60 15 041 Gaimon
11%
49 20 427 Hiyori
11%
96 8 208 Kawamatsu
10%
100 7 776 Chouchou
9%
97 8 017 Pandaman
9%
80 10 812 Morgans
8%
81 10 704 Bellemère
7%
87 9 723 Margaret
7%
47 21 040 Kikunojo
6%
90 9 470 Mont d'or
6%
66 13 572 Rockstar
4%
78 11 425 Orlumbus
3%
89 9 655 Dugong
2%
37 37 528 Hoop Slap
2%
71 13 034 Namule
1%
Aucun quiz correspondant
Distribution des résultats
% des personnes avec chaque résultat
Percentile par nombre de réponses
Votre historique - résultats
Vous n’avez pas pris ce quiz